Statistics for Who sang the kpop song?

Click here to take the quiz!

General Stats

  • This quiz has been taken 98 times
  • The average score is 9 of 11

Answer Stats

QuestionAnswer% Correct
Bite meEnhypen
95%
ClapSeventeen
94%
Perfect nightLE SSERAFIM
90%
BouncyAteez
89%
LilacIu
89%
Get a guitarRIIZE
88%
UntouchableItzy
82%
Bad newsKiss of life
78%
Back for moreTXT
76%
Eyes nose lipsTeayang
67%
You can't sit with usSunmi
52%

Score Distribution

Percentile by Number Answered

Percent of People with Each Score

Your Score History

You have not taken this quiz